Esquema para el análisis de la rentabilidad de entidades financieras (Registro nro. 17297)

Detalles MARC
000 -LEADER
fixed length control field 00372 a2200109 4500
001 - CONTROL NUMBER
control field ART_2328
005 - DATE AND TIME OF LATEST TRANSACTION
control field 20260410161725.0
008 - FIXED-LENGTH DATA ELEMENTS--GENERAL INFORMATION
fixed length control field 260409a
100 1# - MAIN ENTRY--PERSONAL NAME
Personal name Cousido, Pablo Guillermo
245 10 - TITLE STATEMENT
Title Esquema para el análisis de la rentabilidad de entidades financieras
773 0# - HOST ITEM ENTRY
Title Administración de empresas
Related parts - Año XVII, Nº 195 (jun. 1986)
Record control number REV2036

No hay ítems disponibles.